The noble scholar, jurist, historian


 His Excellency Dr. Abdul Wahhab bin Ibrahim Abu Sulaiman, may Allah have mercy on him.


 He was born in Umm Al-Qura in the year 1356 AH.

كتاب الصمت وآداب اللسان / (Record no. 8193)

MARC details
000 -LEADER
fixed length control field 01810cam a22003611i 4500
003 - CONTROL NUMBER IDENTIFIER
control field SA-RiAUC
005 - DATE AND TIME OF LATEST TRANSACTION
control field 20250521080753.0
008 - FIXED-LENGTH DATA ELEMENTS--GENERAL INFORMATION
fixed length control field 250519s1986 le f b 000 0dara c
040 ## - CATALOGING SOURCE
Original cataloging agency KULIB
Language of cataloging ara
Transcribing agency SA-RiAUC
Description conventions rda
082 04 - DEWEY DECIMAL CLASSIFICATION NUMBER
Classification number 212.2
Assigning agency SA-RiAUC
090 ## - LOCALLY ASSIGNED LC-TYPE CALL NUMBER (OCLC); LOCAL CALL NUMBER (RLIN)
Classification number (OCLC) (R) ; Classification number, CALL (RLIN) (NR) 212.2
Local cutter number (OCLC) ; Book number/undivided call number, CALL (RLIN) ا ب ن ا
100 1# - MAIN ENTRY--PERSONAL NAME
Personal name ابن أبي الدنيا، عبد الله بن محمد بن عبيد،
Dates associated with a name 208-281 هجري
Relator term مؤلف.
245 10 - TITLE STATEMENT
Title كتاب الصمت وآداب اللسان /
Statement of responsibility, etc. أبو بكر عبد الله بن محمد بن عبيد بن أبي الدنيا البغدادي ؛ دراسة وتحقيق نجم عبد الرحمن خلف.
246 30 - VARYING FORM OF TITLE
Title proper/short title الصمت وآداب اللسان
250 ## - EDITION STATEMENT
Edition statement الطبعة الأولى.
264 #1 - PRODUCTION, PUBLICATION, DISTRIBUTION, MANUFACTURE, AND COPYRIGHT NOTICE
Place of production, publication, distribution, manufacture بيروت :
Name of producer, publisher, distributor, manufacturer دار الغرب الإسلامي،
Date of production, publication, distribution, manufacture, or copyright notice 1986
300 ## - PHYSICAL DESCRIPTION
Extent 754 صفحة ؛
Dimensions 25 سم
336 ## - CONTENT TYPE
Content type term نص
Content type code txt
Source rdacontent
Materials specified كتاب
337 ## - MEDIA TYPE
Media type term بدون وسيط
Media type code n
Source rdamedia
338 ## - CARRIER TYPE
Carrier type term مجلد
Carrier type code nc
Source rdacarrier
500 ## - GENERAL NOTE
General note يشتمل الكتاب على ترجمة لابن أبي الدنيا.
500 ## - GENERAL NOTE
General note الأصل أطروحة دكتوراه-الجامعة التونسية، الكلية الزيتونية للشريعة وأصول الدين.
504 ## - BIBLIOGRAPHY, ETC. NOTE
Bibliography, etc. note ببليوجرافية : صفحة 725-749.
590 ## - LOCAL NOTE (RLIN)
Local note زكي.
650 #7 - SUBJECT ADDED ENTRY--TOPICAL TERM
Topical term or geographic name entry element الأخلاق الإسلامية
Source of heading or term aucsh
650 #7 - SUBJECT ADDED ENTRY--TOPICAL TERM
Topical term or geographic name entry element الآداب الإسلامية
Source of heading or term aucsh
650 #7 - SUBJECT ADDED ENTRY--TOPICAL TERM
Topical term or geographic name entry element التربية الإسلامية
Source of heading or term aucsh
700 1# - ADDED ENTRY--PERSONAL NAME
Personal name خلف، نجم عبد الرحمن
Relator term محقق.
700 12 - ADDED ENTRY--PERSONAL NAME
Relationship information تحقيق لـ :
Personal name ابن أبي الدنيا، عبد الله بن محمد بن عبيد،
Dates associated with a name 208-281 هجري.
Title of a work الصمت وآداب اللسان
942 ## - ADDED ENTRY ELEMENTS (KOHA)
Source of classification or shelving scheme Dewey Decimal Classification
Koha item type Books
Suppress in OPAC No
949 ## - LOCAL PROCESSING INFORMATION (OCLC)
a SA-JeALM
d 250519
u osman123
n 1
Holdings
Withdrawn status Lost status Source of classification or shelving scheme Damaged status Not for loan Home library Current library Date acquired Total checkouts Full call number Barcode Date last seen Price effective from Koha item type
    Dewey Decimal Classification     DR AbdElwahab Library DR AbdElwahab Library 05/21/2025   212.2 ا ب ن ا 000013479 05/21/2025 05/21/2025 Books